000 00579nam a2200229Ia 4500
003 OSt
005 20221005114134.0
006 a|||||r|||| 00| 0
007 ta
008 221004b |||||||| |||| 00| 0 mal d
024 _a53055
037 _cTextual
040 _aCRL
_cCRL
_bmal
041 _2mal
_amal
082 _aO32w, J5
100 _aNair Kesavan Au.
_9625513
245 0 _aAngaleya sahitya ratnangal
260 _c1955
650 _aMALAYALAM LITERATURE
_938866
942 _hO32w, J5
_cTEXL
_2cc
999 _c1030354
_d1030354